00494nam a22001577a 450000500170000000800410001702000150005804100130007308200140008610000280010024500820012825000190021026000470022930000340027665000260031020231114123431.0231114b |||||||| |||| 00| 0 eng d a0702120669 aEnglish  a344.6 MCK aMcKenzie, HS lEnglish  aThe Law of Building and Engineering Contracts and Arbitration /cHS McKenzie  aFourth Edition aCape Town : bJuta and Company Ltd, c1988 bxxxiii, 316 pages ; c26 cm.  aLegal practice bLaw